Neplatnosť uznesenia valného zhromaždenia

Problematika neplatnosti valného zhromaždenia. Povaha uznesenia valného zhromaždenia a jednotlivé typy uznesení. Neplatnosť uznesenia valného zhromaždenia.

Na minha lista:
Detalhes bibliográficos
Autor principal: Alakszová, Kinga
Formato: Capítulo de Livro
Idioma:eslovaco
Assuntos:
Tags: Adicionar Tag
Sem tags, seja o primeiro a adicionar uma tag!

MARC

LEADER 00000naa a2200000 4500
001 0186870
005 20221020081656.7
041 0 |a slo 
044 |a SK 
245 1 0 |a Neplatnosť uznesenia valného zhromaždenia  |c Kinga Alakszová 
520 |a Problematika neplatnosti valného zhromaždenia. Povaha uznesenia valného zhromaždenia a jednotlivé typy uznesení. Neplatnosť uznesenia valného zhromaždenia. 
610 2 0 |a zhromaždenia valné 
610 2 0 |a spoločnosti obchodné 
610 2 0 |a právo obchodné 
100 1 |a Alakszová, Kinga